000 01955nam a22001937a 4500
999 _c59666
_d59666
003 Ge_BSU
005 20230330155148.0
008 230330s ge ||||| |||| 00| 0 geo d
041 _ageo
080 _a634.1 : 631.56 მ-86
245 _aმოსავლის აღების შემდგომი დამუშავების მეთოდები და სამაცივრო შენახვის კრიტერიუმები სამებაღეო კულტურებისათვის.
264 _a[თბილისი],
_c[2002].
300 _a144 გვ.;
_b30 სმ.
500 _aსახელმძღვანელო ნათარგმია ამერიკის შეერთებული შტატების საერთაშორისო განვითარების (USAID) სასოფლო-სამეურნეო წარმოების ეფექტიანობის (REAP) პროექტის ფარგლებში
653 _aმოსავლის აღება
653 _aსამებაღეო კულტურები
856 _uhttps://gfa.org.ge/wp-content/uploads/2018/10/%E1%83%9B%E1%83%9D%E1%83%A1%E1%83%90%E1%83%95%E1%83%9A%E1%83%98%E1%83%A1-%E1%83%90%E1%83%A6%E1%83%94%E1%83%91%E1%83%98%E1%83%A1-%E1%83%A8%E1%83%94%E1%83%9B%E1%83%93%E1%83%92%E1%83%9D%E1%83%9B%E1%83%98-%E1%83%93%E1%83%90%E1%83%9B%E1%83%A3%E1%83%A8%E1%83%90%E1%83%95%E1%83%94%E1%83%91%E1%83%98%E1%83%A1-%E1%83%9B%E1%83%94%E1%83%97%E1%83%9D%E1%83%93%E1%83%94%E1%83%91%E1%83%98-%E1%83%93%E1%83%90-%E1%83%A1%E1%83%90%E1%83%9B%E1%83%90%E1%83%AA%E1%83%98%E1%83%95%E1%83%A0%E1%83%9D-%E1%83%A8%E1%83%94%E1%83%9C%E1%83%90%E1%83%AE%E1%83%95%E1%83%98%E1%83%A1-%E1%83%99%E1%83%A0%E1%83%98%E1%83%A2%E1%83%94%E1%83%A0%E1%83%98%E1%83%A3%E1%83%9B%E1%83%94%E1%83%91%E1%83%98.pdf
_yელ. ვერსია. pdf
942 _2udc
_cBK